000 01141nam a22003017a 4500
001 000052564
003 DO-SdBNP
005 20180312112149.0
007 000052564
008 160505b 2014 dr a 0 spa d
020 _a9789945190175
040 _aBPMSU
_bspa
_cBPMSU
082 4 _axxx
_bxxx
100 1 _aSosa, Olga
245 1 0 _aEntre amigos 4 :
_beducación inicial, versión script /
_cOlga Sosa ; dirección editorial Claudia Llibre ; ilustración Ruddy Núñez...[et al].
260 _aSanto Domingo :
_bSantillana,
_c2014.
300 _a279 p. :
_bil. ;
_c21 cm.
_e+ CD-ROOM
490 1 _aProyecto todos juntos
_v4 años
500 _aIncluye guía didáctica y recursos didácticos para el profesorado
500 _aVersión script.
500 _aEste libro ha sido realizado de conformidad con el currículum vigente y ha sido sometido a la aprobación de la MINERD.
700 1 2 _aNúñez, Ruddy,
_eil.
700 1 2 _aLlibre, Claudia,
_edir. ed.
830 0 _aProyecto todos juntos
_p4 años
942 _2ddc
_cBK
945 _aInventariado, 2018/ YL
956 _2LOPEREZ
_310
_620160505
_8BPMSU
_a00041
999 _c10006
_d10006